| 000 | 00564nam a2200193Ia 4500 | ||
|---|---|---|---|
| 005 | 20250326143251.0 | ||
| 008 | 250326s9999 xx 000 0 und d | ||
| 020 | _a81-7534-392-3 | ||
| 037 | _aTextbook | ||
| 040 |
_aFMSL _beng _cFMSL |
||
| 041 |
_aeng _2eng |
||
| 084 |
_aD658(2:55)obZ P4 _qFMSL |
||
| 100 |
_aSharma Vakul _9481855 |
||
| 245 | 0 |
_aInformation technology: law and practice _cSharma Vakul |
|
| 260 |
_aDelhi _bDelhi, Universal Law _c2004 |
||
| 300 | _axxxiv,454 | ||
| 942 |
_cTB _hD658(2:55)obZ P4 |
||
| 999 |
_c1298841 _d1298841 |
||